000 00706nam a22002057a 4500
003 koha_MIRAKIL
005 20260416111446.0
008 260416b tur||||| |||| 00| 0 tur d
020 _a9789750839207
040 _aTR-IsEVY
_btur
_cTR-IsEVY
082 _aFIC ELK/T
100 _aElkorek, Naz
245 0 _aToko :
_bküçük bir kuşun büyük gagasıyle barışma hikayesi /
_cNaz Elkorek ; resimleyen Gizem Darendelioğlu.
250 _a7. bs.
260 _aİstanbul :
_bYapı Kredi Yayınları,
_c2021.
300 _a40 s. :
_brenkli resimli ;
_c20X22 cm.
650 _aÇocuk Edebiyatı.
_vÇocuk Hikayeleri.
_vResimli Kitaplar.
700 1 _aDarendelioğlu, Gizem.
_cresimleyen.
942 _2ddc
_cBK
999 _c23508
_d23508